Southville International School and Colleges
Your cart is empty.
  • Cart
  • Lists
    Public lists Eva Luna New books Lux_list list_1
    Your lists Log in to create your own lists
  • Log in to your account
  • Your cookies
  • Search history
Southville International School and Colleges
  • Advanced search
  • Recent comments
  • Most popular
  • Libraries

Log in to your account

Log in with GOOGLE


If you do not have an external account, but do have a local account, you can still log in:

  1. Home
  2. MARC view: Videogames /
Normal view MARC view ISBD view

Videogames / (Record no. 329565)

[ view plain ]
MARC details
000 -LEADER
fixed length control field 02274cam a2200385 a 4500
001 - CONTROL NUMBER
control field 17345988
003 - CONTROL NUMBER IDENTIFIER
control field SISC
005 - DATE AND TIME OF LATEST TRANSACTION
control field 20170424165634.0
008 - FIXED-LENGTH DATA ELEMENTS--GENERAL INFORMATION
fixed length control field 120614s2013 enk b 001 0 eng
010 ## - LIBRARY OF CONGRESS CONTROL NUMBER
LC control number 2012019167
020 ## - INTERNATIONAL STANDARD BOOK NUMBER
International Standard Book Number 9780415669153 (hardback)
020 ## - INTERNATIONAL STANDARD BOOK NUMBER
International Standard Book Number 9780415669160 (paperback)
020 ## - INTERNATIONAL STANDARD BOOK NUMBER
International Standard Book Number 9780203143421 (ebook)
040 ## - CATALOGING SOURCE
Original cataloging agency DLC
Transcribing agency DLC
Modifying agency DLC
042 ## - AUTHENTICATION CODE
Authentication code pcc
050 00 - LIBRARY OF CONGRESS CALL NUMBER
Classification number GV 1469.3
Item number .N48 2013
082 00 - DEWEY DECIMAL CLASSIFICATION NUMBER
Classification number 794.8
084 ## - OTHER CLASSIFICATION NUMBER
Classification number GAM013000
-- SOC052000
-- TEC052000
Source of number bisacsh
100 1# - MAIN ENTRY--PERSONAL NAME
Personal name Newman, James
Fuller form of name (James A.)
245 10 - TITLE STATEMENT
Title Videogames /
Statement of responsibility, etc James Newman.
250 ## - EDITION STATEMENT
Edition statement 2nd edition.
260 ## - PUBLICATION, DISTRIBUTION, ETC. (IMPRINT)
Place of publication, distribution, etc London ;
-- New York :
Name of publisher, distributor, etc Routledge,
Date of publication, distribution, etc 2013.
300 ## - PHYSICAL DESCRIPTION
Extent x, 182 pages ;
Dimensions 25 cm.
500 ## - GENERAL NOTE
General note Originally published 2004.
500 ## - GENERAL NOTE
General note Includes bibliographical references and index.
520 ## - SUMMARY, ETC.
Summary, etc "James Newman's lucid and engaging introduction guides the reader through the world of videogaming, providing a history of the videogame from its origins in the computer lab to its contemporary status as a global entertainment industry, with characters such as Lara Croft and Sonic the Hedgehog familiar even to those who've never been near a games console. Topics covered include: classifications, game theory and interactivity - what is a videogame? the videogame audience the videogame industry videogame structure narratives and play- approaches to the study of videogames videogames, avatars and virtual worlds social gaming and the culture of videogames This second edition updates the book to include recent developments such as: the popularity of the wii and the increase in non-traditional gamers and more physical gaming the development of MMOGs (massively multiplayer online games) such as World of Warcraft games being downloaded as apps or accessed via mobile phones, iPods and social networking sites"--
650 #0 - SUBJECT ADDED ENTRY--TOPICAL TERM
Topical term or geographic name as entry element Video games.
650 #0 - SUBJECT ADDED ENTRY--TOPICAL TERM
Topical term or geographic name as entry element Video games
General subdivision Social aspects.
650 #7 - SUBJECT ADDED ENTRY--TOPICAL TERM
Topical term or geographic name as entry element GAMES / Video & Electronic.
Source of heading or term bisacsh
650 #7 - SUBJECT ADDED ENTRY--TOPICAL TERM
Topical term or geographic name as entry element SOCIAL SCIENCE / Media Studies.
Source of heading or term bisacsh
650 #7 - SUBJECT ADDED ENTRY--TOPICAL TERM
Topical term or geographic name as entry element TECHNOLOGY & ENGINEERING / Social Aspects.
Source of heading or term bisacsh
906 ## - LOCAL DATA ELEMENT F, LDF (RLIN)
a 7
b cbc
c orignew
d 1
e ecip
f 20
g y-gencatlg
942 ## - ADDED ENTRY ELEMENTS (KOHA)
Source of classification or shelving scheme Library of Congress Classification
Koha item type Books
Holdings
Withdrawn status Lost status Source of classification or shelving scheme Damaged status Home library Current library Shelving location Date acquired Source of acquisition Sub Shelving location Total Checkouts Total Renewals Full call number Barcode Date last seen Date checked out Price effective from Koha item type
    Library of Congress Classification   College Library College Library Graduate Section 04/24/2017 Library Fund   2 2 GV 1469.3 .N48 2013 C20867 05/20/2023 04/22/2023 04/24/2017 Books

Videogames /

APA

Newman J., . (2013). Videogames. London: Routledge.

Chicago

Newman James, . 2013. Videogames. London: Routledge.

Harvard

Newman J., . (2013). Videogames. London: Routledge.

MLA

Newman James, . Videogames. London: Routledge. 2013.

  • Place hold
  • Print
  • Cite
  • Add to your cart (remove)
  • Save record
    BIBTEX Dublin Core MARCXML MARC (non-Unicode/MARC-8) MARC (Unicode/UTF-8) MARC (Unicode/UTF-8, Standard) MODS (XML) RIS
  • More searches
    Search for this title in:
    Other Libraries (WorldCat) Other Databases (Google Scholar) Online Stores (Bookfinder.com) Open Library (openlibrary.org)

Exporting to Dublin Core...

SOUTHVILLE LIBRARY

Southville International School and Colleges Library

1281 Tropical Ave. Cor. Luxembourg St., BF Homes International, Las Pinas City

Tel. No. 8256374 / 252358 Loc. 117/146

Powered by Koha